Mass media in Nigeria: Perspectives on growth and development (Record no. 32331)

MARC details
000 -LEADER
fixed length control field 00486nam a2200181Ia 4500
020 ## - INTERNATIONAL STANDARD BOOK NUMBER
ISBN 9789788098652
050 ## - CALL MARK
Classification number P 92.N5 .C53/
100 ## - STATEMENT OF RESPONSIBILITY--MAIN AUTHOR NAME
Personal name Ciboh, Rodney
245 #0 - TITLE STATEMENT
Title Mass media in Nigeria: Perspectives on growth and development
260 ## - PUBLICATION, DISTRIBUTION, ETC. (IMPRINT)
Place of publication Makurdi
260 ## - PUBLICATION, DISTRIBUTION, ETC. (IMPRINT)
Name of publisher Aboki
260 ## - PUBLICATION, DISTRIBUTION, ETC. (IMPRINT)
Year of publication 2007
300 ## - PHYSICAL DESCRIPTION
Number of Pages 363 p
650 ## - SUBJECT ADDED ENTRY--TOPICAL TERM
Topical Term Mass media--Nigeria. Mass media and history--Nigeria.
942 ## - ADDED ENTRY ELEMENTS (KOHA)
Koha item type Books
Holdings
Withdrawn status Lost status Source of classification or shelving scheme Damaged status Not for loan Permanent Location Current Location Shelving location Date acquired Accession Number Price effective from Koha item type
    Library of Congress Classification     NILE UNIVERSITY OF NIGERIA - MAIN LIBRARY NILE UNIVERSITY OF NIGERIA - MAIN LIBRARY Items on shelf 04/23/2025 0192122 04/23/2025 Books